| 000 | 00678nam a2200217 u 4500 | ||
|---|---|---|---|
| 005 | 20240806063821.0 | ||
| 008 | 100603s2006 mx r 000 0 spa d | ||
| 020 | _a9706888519 | ||
| 035 | _aUPN01000176329 | ||
| 049 | _aI | ||
| 050 | 4 |
_aQH440 _bG4.6 |
|
| 245 | 0 | 3 |
_aLa genética : _buna historia y mucha información / _ccomp. Xavier Labouze ; tr. Lirio Garduño-Buono. |
| 260 |
_aMéxico : _bSM, _c2006. |
||
| 300 |
_a56 p. : _bil. col. |
||
| 440 | 0 | _aSaber | |
| 534 |
_pTraducción de: _tLa génétique |
||
| 650 | 4 |
_aGENETICA - _xESTUDIO Y ENSEÑANZA (SECUNDARIA) _918202 |
|
| 650 | 4 |
_aLiteratura juvenil _95153 |
|
| 700 | 1 |
_aLabouze, Xavier, _ecomp. |
|
| 905 | _aInfantil | ||
| 999 |
_c148432 _d148432 |
||